| 000 | 00409pab a2200145 454500 | ||
|---|---|---|---|
| 008 | 180718b2011 xxu||||| |||| 00| 0 eng d | ||
| 245 | _aWhose equality? The discouraging politics of American education (and what we might do about it) (Review essay) | ||
| 260 | _c2011 | ||
| 300 | _ap.585-596. | ||
| 362 | _aSep | ||
| 650 | _aEducation | ||
| 773 | _aPerspectives on Politics | ||
| 908 | _aN | ||
| 909 | _a93859 | ||
| 999 |
_c93859 _d93859 |
||